000
00311nam a2200121Ia 4500
008
240614s9999 xx 000 0 und d
041
_a
eng
100
_a
Nikhilananda, Swami
_9
203852
245
_a
Vivekanand : A Biography
260
_b
Advait
_c
2018
_a
Kolkata
300
_a
392
650
_a
Autobiography
_9
205895
999
_c
358749
_d
358749